Online
Catalog

Ella y él / (Record no. 18705)

MARC details
000 -CABECERA
campo de control de longitud fija 00680nam a2200229 a 4500
001 - NÚMERO DE CONTROL
campo de control 000019187
005 - FECHA Y HORA DE LA ÚLTIMA TRANSACCIÓN
campo de control 20200929165939.0
008 - DATOS DE LONGITUD FIJA--INFORMACIÓN GENERAL
campo de control de longitud fija 100527s1982 mx 000 f spa d
020 ## - NÚMERO INTERNACIONAL ESTÁNDAR DEL LIBRO
Número Internacional Estándar del Libro 9682311950
040 ## - FUENTE DE LA CATALOGACIÓN
Centro catalogador/agencia de origen DO-SdBNP
Lengua de catalogación spa
Centro/agencia transcriptor BNPHU
082 ## - NÚMERO DE LA CLASIFICACIÓN DECIMAL DEWEY
Número de clasificación 843.8
Número de documento/Ítem S213e
049 ## - FONDOS LOCALES (OCLC)
Fondos de biblioteca BNGR
100 1# - ENTRADA PRINCIPAL--NOMBRE DE PERSONA
Nombre de persona Sand, George,
9 (RLIN) 41296
245 10 - MENCIÓN DE TÍTULO
Título Ella y él /
Mención de responsabilidad, etc. George Sand ; traducción de Luis Cánovas.
260 ## - PUBLICACIÓN, DISTRIBUCIÓN, ETC.
Lugar de publicación, distribución, etc. México :
Nombre del editor, distribuidor, etc. Siglo XXI,
Fecha de publicación, distribución, etc. 1982.
300 ## - DESCRIPCIÓN FÍSICA
Extensión 183 p. ;
Dimensiones 18 cm.
490 1# - MENCIÓN DE SERIE
Mención de serie De la gran literatura
650 #4 - PUNTO DE ACCESO ADICIONAL DE MATERIA--TÉRMINO DE MATERIA
Término de materia o nombre geográfico como elemento de entrada Novela francesa
9 (RLIN) 1075
650 #4 - PUNTO DE ACCESO ADICIONAL DE MATERIA--TÉRMINO DE MATERIA
Término de materia o nombre geográfico como elemento de entrada Literatura francesa
Subdivisión cronológica SIGLO XIX
9 (RLIN) 5031
700 1# - PUNTO DE ACCESO ADICIONAL--NOMBRE DE PERSONA
Nombre de persona Cánovas, Luis,
Término indicativo de función/relación tr.
9 (RLIN) 41297
830 #0 - PUNTO DE ACCESO ADICIONAL DE SERIE-TÍTULO UNIFORME
Título uniforme De la gran literatura
9 (RLIN) 29430
Holdings
Estado de retiro Estado de pérdida Restricciones de uso No para préstamo Código de colección Localización permanente Ubicación/localización actual Ubicación en estantería Fecha de adquisición Número de inventario Total de préstamos Signatura topográfica completa Código de barras Fecha visto por última vez Precio válido a partir de Tipo de ítem Koha
        Monografías: Libros y Folletos General General En catalogación 27.05.2010 LF1   843.8 S213e 19187-10 25.06.2020 25.06.2020 Préstamo en sala

Powered by Koha